| 000 | 00677nam a2200121Ia 4500 | ||
|---|---|---|---|
| 008 | 220620s9999||||xx |||||||||||||| ||und|| | ||
| 100 | _aHorowitz, Joshua||Anderson, Casey | ||
| 245 | 0 | _aGuns, Democracy, and the Insurrectionist Idea | |
| 546 | _aEnglish[eng] | ||
| 650 | _aPolitical Science||Democracy||Gun politics in the United States||Insurrectionary anarchism||National Rifle Association||Second Amendment to the United States Constitution | ||
| 856 | _uhttps://library.oapen.org/bitstream/20.500.12657/30235/1/648343.pdf||https://library.oapen.org/bitstream/20.500.12657/30235/1/648343.pdf||https://library.oapen.org/bitstream/20.500.12657/30235/1/648343.pdf | ||
| 942 | _cEB | ||
| 999 |
_c34138 _d34138 |
||